000 00292nam a22001337a 4500
008 170508b xxu||||| |||| 00| 0 eng d
020 _a9780421780804
041 _aeng
080 _25 ED
_a343.9
100 _a14
101 _aSHJ
245 _aCRIMINAL LAW
_cDENNIS.I.H
942 _2udc
_cBK
999 _c12921
_d12921